Statistiques concernant Culture Générale - Série 36

Cliquez ici pour prendre le quiz!

Statistiques générales

  • Ce quiz a été pris 1 428 fois
  • Le résultat moyen est 5 sur 10

Statistiques - réponses

QuestionRéponse% Correct
De quel pays Oulan-Bator est-elle la capitale ?Mongolie
88%
Qui a inventé l'alphabet pour les aveugles ?Louis Braille
85%
Quel était le nom porté avant 1991 par Saint-Pétersbourg ?Leningrad
79%
Comment s’appelle le détroit situé entre la Russie et l’Alaska ?Béring
74%
Quelle nom a porté la ville de Volgograd de 1925 à 1961 ?Stalingrad
69%
Sur quelle île Napoléon Bonaparte a-t-il été exilé en 1814 ?Elbe
61%
Sous quel nom connait-on mieux la chanteuse belgo-portugaise Vanda Maria Ribeiro Furtado Tavares de Vasconcelos ?Lio
31%
Quelle est la capitale de la Zambie ?Lusaka
31%
Quelle est la capitale de l'état de washington ?Olympia
14%
Quelle grande aviatrice française meurt tragiquement à 26 ans dans un accident ?Hélène Boucher
7%

Distribution des résultats

Percentile par nombre de réponses

% des personnes avec chaque résultat

Votre développement - résultats

Vous n’avez pas pris ce quiz